000 00402nam a2200109Ia 4500
008 160609s9999 xx 000 0 und d
100 _aWatt, Karen Fowler.
245 _aJournalism: New Challenges
245 _cKaren Fowler-Watt and Stuart Allan (eds)
260 _c2013
856 _uhttps://microsites.bournemouth.ac.uk/cjcr/files/2013/10/2013-Journalism-New_Challenges-Fowler-Watt_and_Allan-v1-02.pdf
999 _c295668
_d295668